| Tag |
First Indicator |
Second Indicator |
Subfields |
| LEADER |
00000cam a2200000 a 4500 |
| 001 |
in00002786750 |
| 005 |
20151202171637.0 |
| 008 |
111231s2012 ii a g b 001 0 eng d |
| 010 |
|
|
|a 2012354296
|
| 020 |
|
|
|a 9788192091259 (pbk.)
|
| 020 |
|
|
|a 8192091252 (pbk.)
|
| 035 |
|
|
|a (OCoLC)ocn773257644
|
| 040 |
|
|
|a DKAGE
|c DKAGE
|d DLC
|d UtOrBLW
|
| 043 |
|
|
|a a-ii---
|
| 049 |
|
|
|a TXAM
|
| 050 |
0 |
0 |
|a NK9176.A5
|b J35 2012
|
| 082 |
0 |
0 |
|a 746.4609544
|2 23
|
| 100 |
1 |
|
|a Hellström, Krystyna.
|
| 245 |
1 |
0 |
|a Jaipur quilts /
|c Krystyna Hellström.
|
| 264 |
|
1 |
|a New Delhi :
|b Niyogi Books,
|c 2012.
|
| 300 |
|
|
|a 203 pages :
|b illustrations (chiefly color) ;
|c 27 cm.
|
| 336 |
|
|
|a text
|b txt
|2 rdacontent
|
| 337 |
|
|
|a unmediated
|b n
|2 rdamedia
|
| 338 |
|
|
|a volume
|b nc
|2 rdacarrier
|
| 504 |
|
|
|a Includes bibliographical references (page [195]) and index.
|
| 650 |
|
0 |
|a Quilts
|z India
|z Jaipur.
|
| 650 |
|
0 |
|a Quilts
|z India
|z Jaipur
|v Pictorial works.
|
| 945 |
|
|
|a PromptCat
|b 115750
|
| 946 |
|
|
|a stk
|
| 947 |
|
|
|a A14836010917
|
| 948 |
|
|
|a cataloged
|b h
|c 2012/12/10
|d c
|e dmitchel
|f 9:50:30 am
|
| 994 |
|
|
|a 92
|b TXA
|
| 999 |
|
|
|a MARS
|
| 999 |
f |
f |
|s 6b3a3294-1c48-3281-a3bc-610afeb8c1d6
|i fb9804d7-513a-3a8d-b1e2-1e2b51ffe58e
|t 0
|
| 952 |
f |
f |
|p normal
|a Texas A&M University
|b College Station
|c Sterling C. Evans Library
|d Evans: Library Stacks
|t 0
|e NK9176.A5 J35 2012
|h Library of Congress classification
|i unmediated -- volume
|m A14836010917
|
| 998 |
f |
f |
|a NK9176.A5 J35 2012
|t 0
|l Evans: Library Stacks
|